Areopagitica and of education: with autobiographical passages from other prose works (Record no. 34826)
[ view plain ]
| 000 -LEADER | |
|---|---|
| fixed length control field | 00790nam a2200193 a 4500 |
| 008 - FIXED-LENGTH DATA ELEMENTS--GENERAL INFORMATION | |
| fixed length control field | 120416s1951 ||||||||||||||||| || u |
| 050 ## - LIBRARY OF CONGRESS CALL NUMBER | |
| Classification number | PR 3569.S17 |
| 100 ## - MAIN ENTRY--PERSONAL NAME | |
| Personal name | Milton, John, 1608-1674 |
| 245 10 - TITLE STATEMENT | |
| Title | Areopagitica and of education: with autobiographical passages from other prose works |
| Statement of responsibility, etc. | edited by George H. Sabine |
| 260 ## - PUBLICATION, DISTRIBUTION, ETC. | |
| Place of publication, distribution, etc. | New York: |
| Name of publisher, distributor, etc. | Appleton-Century-Crofts, Inc |
| Date of publication, distribution, etc. | 1951 |
| 300 ## - PHYSICAL DESCRIPTION | |
| Extent | 110p. |
| 350 ## - PRICE (NR) (BK AM CF MU VM SE) [OBSOLETE] | |
| Price | 0.00 |
| 490 ## - SERIES STATEMENT | |
| Series statement | Croft classics |
| 650 ## - SUBJECT ADDED ENTRY--TOPICAL TERM | |
| Topical term or geographic name entry element | ENGLISH--DICTIONARIES |
| 650 ## - SUBJECT ADDED ENTRY--TOPICAL TERM | |
| Topical term or geographic name entry element | EDUCATION--EARLY WORKS TO 1800 |
| 650 ## - SUBJECT ADDED ENTRY--TOPICAL TERM | |
| Topical term or geographic name entry element | FREEDOM OF THE PRESS--EARLY WORKS TO 1800 |
| 700 ## - ADDED ENTRY--PERSONAL NAME | |
| Personal name | Sabine, George H |
| 995 ## - RECOMMENDATION 995 [LOCAL, UNIMARC FRANCE] | |
| -- | 0.00 |
| -- | CBU-MAIN LIBRARY (Kitwe) |
| -- | 1 |
| -- | 8.95 |
| -- | 1 |
| -- | WEEDED |
| -- | Dec 11, 2013 |
| -- | Main Library Open Access Collection |
| Withdrawn status | Lost status | Source of classification or shelving scheme | Damaged status | Not for loan | Home library | Current library | Shelving location | Date acquired | Total Checkouts | Full call number | Barcode | Date last seen | Price effective from | Koha item type |
|---|---|---|---|---|---|---|---|---|---|---|---|---|---|---|
| CBU-MAIN LIBRARY, KITWE. | CBU-MAIN LIBRARY, KITWE. | 11/30/2022 | PR 3569.S17 | 009616 | 11/30/2022 | 11/30/2022 | MONOGRAPH |